000 01046nam a2200253Ia 4500
999 _c55745
_d55745
001 22840
003 GE_BSU
005 20230519113322.0
008 181216s ||||ge |||||||||||||| ||geo||
020 _a9789941261336
040 _cGE_BSU
041 _ageo
080 _a821.111(73)-1ჰ-26
100 _aჰამილი, სემ
_918135
245 _aრა უწყის წყალმა = What the water knows :
_bლექსები /
_cსემ ჰამილი ; ინგლისურიდან თარგმნა ხატია გაგნიძემ.
264 _aთბილისი :
_bუნივერსალი,
_c2017.
300 _a70 გვ. ;
_c14 სმ.
541 _h2 ლ.
546 _aლექსები ქართულ და ინგლისურ ენებზე
653 _aლექსები
653 _aრა უწყის წყალმა
700 _aგაგნიძე, ხატია
_eმთარგმნელი
_917979
942 _cBK
_2udc